El empleo del frío en la industria de la alimentación

Uloženo v:
Podrobná bibliografie
Hlavní autor: Plank, R (Autor)
Médium: Kniha
Jazyk:španělština
Vydáno: Barcelona Reverté 1963
Témata:
Tagy: Přidat tag
Žádné tagy, Buďte první, kdo vytvoří štítek k tomuto záznamu!

MARC

LEADER 00000nam a2200000 a 4500
001 UCT0510
003 CL-VaPUC
008 960905e19630000SP |||||||||||||||||spa|d
082 0 4 |a 664.028  |b PLA  |2 21 
100 0 |a Plank, R  |e author  |9 369164 
245 1 3 |a El empleo del frío en la industria de la alimentación 
300 |a 805 p 
942 |c BK 
945 |d 19960905 00:00:00  |a paguirre 
260 |a Barcelona  |b Reverté  |c 1963 
650 7 |a TECNOLOGIA DE ALIMENTOS  |2 CL-VaPUC  |9 369165 
650 0 |a Conservación de los alimentos  |9 259337 
650 0 |a Industria alimentaria  |9 331702 
650 0 |a Refrigeración  |9 259343 
650 0 |a Leche  |9 259848 
650 0 |a Cereales  |9 264300 
650 0 |a Frutas  |9 259500 
650 7 |a GRASAS COMESTIBLES  |2 CL-VaPUC  |9 348371 
583 |a last modification  |c 19960905 00:00:00  |k Rodrigo Vera 
999 |c 251453  |d 251451 
952 |0 0  |1 0  |4 0  |6 664_028000000000000_PLA_1963  |7 0  |8 A  |9 270586  |a BIBCUR  |b BIBCUR  |d 2019-11-19  |i 178563K  |o 664.028 PLA 1963  |p 178563K  |r 2025-04-22  |w 2019-11-19  |y BK  |k QUI 
952 |0 0  |1 0  |4 0  |6 664_028000000000000_PLA_1963  |7 0  |8 A  |9 270587  |a BIBALI  |b BIBALI  |c GEN  |d 2019-11-19  |i 1974289  |o 664.028 PLA 1963  |p 1974289  |r 2025-01-20  |w 2019-11-19  |y BK  |k ALI 
952 |0 0  |1 0  |4 0  |6 664_028000000000000_PLA_1963  |7 0  |8 A  |9 270588  |a BIBALI  |b BIBALI  |c GEN  |d 2019-11-19  |i 1974130  |o 664.028 PLA 1963  |p 1974130  |r 2025-01-20  |w 2019-11-19  |y BK  |k ALI